What you call winter : (Record no. 117806)
[ view plain ]
| 000 -LEADER | |
|---|---|
| fixed length control field | 00460nam a2200169Ia 4500 |
| 008 - FIXED-LENGTH DATA ELEMENTS--GENERAL INFORMATION | |
| fixed length control field | 140529s9999 xx 000 0 und d |
| 020 ## - INTERNATIONAL STANDARD BOOK NUMBER | |
| International Standard Book Number | 9781400042760 |
| 050 ## - LIBRARY OF CONGRESS CALL NUMBER | |
| Classification number | PS 3610.O6275 |
| Item number | .J76 2007 |
| 100 ## - MAIN ENTRY--PERSONAL NAME | |
| Personal name | Jones, Nalini. |
| 245 ## - TITLE STATEMENT | |
| Title | What you call winter : |
| Remainder of title | stories / |
| Statement of responsibility, etc | Nalini Jones |
| 260 ## - PUBLICATION, DISTRIBUTION, ETC. (IMPRINT) | |
| Place of publication, distribution, etc | New York : |
| Name of publisher, distributor, etc | Alfred A. Knopf, |
| Date of publication, distribution, etc | c2007. |
| 300 ## - PHYSICAL DESCRIPTION | |
| Extent | 251 p. ; |
| Dimensions | 22 cm. |
| 521 ## - TARGET AUDIENCE NOTE | |
| Target audience note | |
| 650 ## - SUBJECT ADDED ENTRY--TOPICAL TERM | |
| Topical term or geographic name as entry element | India |
| General subdivision | Fiction. |
| 942 ## - ADDED ENTRY ELEMENTS (KOHA) | |
| Call number prefix | Foreign |
| Koha item type | Books |
| Withdrawn status | Lost status | Damaged status | Home library | Current library | Shelving location | Date acquired | Cost, normal purchase price | Total Checkouts | Total Renewals | Full call number | Barcode | Date last seen | Date checked out | Price effective from | Koha item type |
|---|---|---|---|---|---|---|---|---|---|---|---|---|---|---|---|
| College Library | College Library | Fiction Section | 05/30/2014 | 1007.28 | 4 | 10 | PS 3610.O6275 .J76 2007 | C17067 | 12/15/2020 | 03/16/2020 | 05/30/2014 | Books |